000 00303cam a22000977a 4500
008 180718b1958 xxu||||| |||| 00| 0 eng d
082 _aA2x42 Un3ind/1951-55
245 _aConsolidated index to government publications, 1951-1955
260 _aLondon
_bHer Majesty's Stationery Office
_c1958
300 _a137p.
999 _c390696
_d390696